| 000 | 00917nam a22003017a 4500 | ||
|---|---|---|---|
| 001 | 000446 | ||
| 003 | DO-SdBNP | ||
| 005 | 20171121093442.0 | ||
| 007 | 000446 | ||
| 008 | 160830b 2009 sp ||||| |||| 00| 0 spa d | ||
| 020 | _a9788466322980 | ||
| 040 |
_aBPMSU _bspa _cBPMSU |
||
| 082 | 4 |
_aCu696 _bR696c |
|
| 100 | 1 | _aRodrÃguez, Antonio Orlando | |
| 245 | 1 | 0 |
_aChiquita / _cAntonio Orlando RodrÃguez. |
| 260 |
_aMadrid : _bPunto de Lectura, _bSantillana Ediciones Generales, _c2009. |
||
| 300 |
_a660 p. ; _c20 cm. |
||
| 490 | 1 |
_aPunto de lectura, _v336 |
|
| 490 | 1 |
_a Narrativa. _v1 |
|
| 586 | _aPremio Alfaguara de novela 2008 | ||
| 650 | 4 | _aNOVELA CUBANA | |
| 650 | 4 | _aLITERATURA CUBANA | |
| 830 | 0 |
_aPunto de lectura ; _v336 _pNarrativa; 1 |
|
| 910 | _aValidado. Control de calidad MFF | ||
| 942 |
_2ddc _cBK |
||
| 945 | _aInventariado, 2017/MFF | ||
| 956 |
_2LOPEREZ _310 _620160830 _8BPMSU _a00041 |
||
| 999 |
_c11225 _d11225 |
||